000 00252nam a2200097Ia 4500
005 20251222114356.0
008 251222s1900||||xx |||||||||||||| ||spa||
082 _aDVD0070/M98/2008/Ej.2
245 0 _aIl papa´ di Giovanna:El papá de Giovanna
942 _cDVD
999 _c1439
_d1439